000 00673nam a2200229Ia 4500
003 OSt
005 20220918202518.0
006 a|||||r|||| 00| 0
007 ta
008 220917b |||||||| |||| 00| 0 eng d
024 _a101,810
037 _cTextual
040 _aARTS
_cARTS
_beng
041 _2eng
_aeng
082 _aV216:71:f, 122 M4.1
100 _aDangens Brouno
_9104119
245 0 _aEntre Alampur et srisailam ; trecherches archeologiques en Andra Pradesh
260 _aPondichery
_bInst Francais D'INdologies
_c1984
650 _aHISTORY
942 _hV216:71:f, 122 M4.1
_cTEXL
_2CC
999 _c225270
_d225270